[Event "FIDE World Uni Rapid-C 1st"]
[Site "Tornelo INT"]
[Date "2021.03.21"]
[Round "9"]
[White "Md Showhal, Saad"]
[Black "Salah, Nadezhda"]
[Result "1-0"]
[WhiteElo "1436"]
[BlackElo "2026"]
[PlyCount "111"]
[EventDate "2021.03.20"]
[EventType "swiss (rapid)"]
[EventRounds "12"]
[EventCountry "NET"]
[SourceTitle "CBM 201 Extra"]
[Source "ChessBase"]
[SourceDate "2021.05.31"]
[SourceVersion "1"]
[SourceVersionDate "2021.05.31"]
[SourceQuality "1"]

1. e4 e6 2. Nf3 d5 3. Nc3 Nf6 4. e5 Nfd7 5. d4 c5 6. Bg5 Be7 7. Bxe7 Qxe7 8. Nb5 Na6 9. Nd6+ Kf8 10. Bxa6 bxa6 11. c3 f6 12. Qe2 fxe5 13. dxe5 g6 14. h4 h6 15. Qd3 Qg7 16. Nxc8 Rxc8 17. Qxa6 Ke7 18. Qd6+ Kd8 19. Qxe6 d4 20. 0-0 d3 21. Qd5 c4 22. e6 Rc5 23. Qxd7+ Qxd7 24. exd7 Kxd7 25. Rad1 Rd8 26. b4 Rf5 27. Nd4 Rf4 28. g3 Rf6 29. Rd2 Kc7 30. Re1 Rxd4 31. cxd4 Kb6 32. a4 Rd6 33. Re4 Rc6 34. d5 c3 35. Rxd3 c2 36. Re1 c1Q 37. Rxc1 Rxc1+ 38. Kg2 Kc7 39. Re3 Kd6 40. Re6+ Kxd5 41. Rxg6 Rc4 42. Rxh6 Rxb4 43. Ra6 Rb7 44. h5 Ke5 45. h6 Kf5 46. Kh3 Kg5 47. f3 Rc7 48. f4+ Kf5 49. Rd6 Rh7 50. Rd5+ Ke4 51. Rh5 Kf3 52. f5 Rd7 53. h7 Rd1 54. Kh4 Rd4+ 55. Kg5 Rg4+ 56. Kf6 1-0

[Event "FIDE World Uni Rapid-C 1st"]
[Site "Tornelo INT"]
[Date "2021.03.20"]
[Round "5"]
[White "Panko, Radoslav"]
[Black "Salah, Nadezhda"]
[Result "1-0"]
[WhiteElo "2044"]
[BlackElo "2026"]
[PlyCount "63"]
[EventDate "2021.03.20"]
[EventType "swiss (rapid)"]
[EventRounds "12"]
[EventCountry "NET"]
[SourceTitle "CBM 201 Extra"]
[Source "ChessBase"]
[SourceDate "2021.05.31"]
[SourceVersion "1"]
[SourceVersionDate "2021.05.31"]
[SourceQuality "1"]

1. d4 g6 2. e4 Bg7 3. Nc3 d6 4. Nf3 Nf6 5. Bf4 c5 6. dxc5 Qa5 7. Qd2 Qxc5 8. Be3 Qb4 9. Bd3 Qxb2 10. 0-0 a6 11. a3 Nfd7 12. Na4 Qxa1 13. Rxa1 Bxa1 14. c3 b5 15. Nb6 Nxb6 16. Bxb6 Nd7 17. Bd4 e5 18. Be3 Bb7 19. Qc1 Bxc3 20. Qxc3 Rc8 21. Qd2 0-0 22. h4 Nc5 23. Bxc5 Rxc5 24. h5 Rfc8 25. Qh6 Rc1+ 26. Kh2 R1c7 27. Ng5 f6 28. Ne6 Re7 29. hxg6 hxg6 30. Qxg6+ Kh8 31. Qxf6+ Kg8 32. Qxe7 1-0

[Event "Texas Shining Jewel"]
[Site "chess24.com INT"]
[Date "2020.10.24"]
[Round "3.1"]
[White "Salah, Nadezhda"]
[Black "Shamatava, Ana"]
[Result "1-0"]
[WhiteElo "2026"]
[BlackElo "2155"]
[PlyCount "109"]
[EventDate "2020.10.24"]
[EventType "team-match (rapid)"]
[EventRounds "4"]
[EventCountry "USA"]
[SourceTitle "CBM 199 Extra"]
[Source "ChessBase"]
[SourceDate "2021.01.31"]
[SourceVersion "1"]
[SourceVersionDate "2021.01.31"]
[SourceQuality "1"]
[WhiteTeam "Texas Tech"]
[BlackTeam "Texas Rio Grande Valley Univ"]
[WhiteTeamCountry "USA"]
[BlackTeamCountry "USA"]

1. d4 Nf6 2. c4 e6 3. Nc3 c5 4. d5 exd5 5. cxd5 d6 6. e4 g6 7. Nge2 Bg7 8. Ng3 0-0 9. Be2 Re8 10. 0-0 a6 11. a4 b6 12. Bg5 Nbd7 13. Qd2 Qc7 14. Rac1 Nf8 15. h3 h5 16. Rfe1 N8h7 17. Bh4 Qb8 18. Bd3 Bd7 19. f4 b5 20. axb5 axb5 21. e5 dxe5 22. f5 Nf8 23. Rf1 Qb6 24. Qf2 Ra6 25. Bxf6 Bxf6 26. Nce4 Bg7 27. f6 Bh6 28. Rxc5 Nh7 29. d6 Rc8 30. Rxc8+ Bxc8 31. Qxb6 Rxb6 32. Rf2 Be3 33. h4 Nf8 34. Kf1 Bxf2 35. Kxf2 Ne6 36. Nf1 Bb7 37. Nfd2 Bd5 38. Ke3 Kf8 39. d7 Rb8 40. Ng5 Bc6 41. Nxe6+ fxe6 42. Bxg6 Bxd7 43. Bxh5 Rc8 44. Bg6 Be8 45. h5 Rc1 46. Bxe8 Kxe8 47. g4 Kf7 48. g5 Rh1 49. h6 Kg6 50. Nf3 b4 51. Nxe5+ Kxg5 52. f7 Re1+ 53. Kd4 Rf1 54. h7 Rd1+ 55. Nd3 1-0

[Event "Texas Shining Jewel"]
[Site "chess24.com INT"]
[Date "2020.10.24"]
[Round "2.1"]
[White "Sliwicka, Alicja"]
[Black "Salah, Nadezhda"]
[Result "1/2-1/2"]
[WhiteElo "2311"]
[BlackElo "2026"]
[PlyCount "159"]
[EventDate "2020.10.24"]
[EventType "team-match (rapid)"]
[EventRounds "4"]
[EventCountry "USA"]
[SourceTitle "CBM 199 Extra"]
[Source "ChessBase"]
[SourceDate "2021.01.31"]
[SourceVersion "1"]
[SourceVersionDate "2021.01.31"]
[SourceQuality "1"]
[WhiteTeam "Texas Rio Grande Valley Univ"]
[BlackTeam "Texas Tech"]
[WhiteTeamCountry "USA"]
[BlackTeamCountry "USA"]

1. e4 e6 2. d4 d5 3. Nc3 Nc6 4. Nf3 Nf6 5. Bd3 Nb4 6. 0-0 Be7 7. Ne5 0-0 8. Bf4 a6 9. a3 Nxd3 10. cxd3 Bd7 11. Rc1 b6 12. Qf3 c5 13. dxc5 bxc5 14. exd5 Nxd5 15. Nxd5 exd5 16. Qxd5 Bb5 17. Qe4 Bf6 18. Rfd1 Qb6 19. a4 Bxe5 20. Bxe5 Bc6 21. Qg4 f6 22. Bd6 Rfe8 23. Bxc5 Qxb2 24. Bd4 Qb4 25. h3 Bxa4 26. Rc7 Re7 27. Rdc1 Rae8 28. g3 Bb5 29. Rxe7 Qxe7 30. Bb6 Qf7 31. Rc7 Qg6 32. Qd4 Qxd3 33. Qxd3 Bxd3 34. Be3 h6 35. Kg2 Kh7 36. h4 h5 37. Bd4 Kg6 38. Rc3 Bb5 39. Be3 Rd8 40. Rc1 Rd3 41. Ra1 Rb3 42. Kf3 Kf5 43. Rc1 Rb2 44. Rc5+ Kg6 45. Ke4 a5 46. f4 Rb4+ 47. Bd4 a4 48. f5+ Kh7 49. Kd5 Bd7 50. Rc7 Bxf5 51. Bxf6 Rg4 52. Be5 Bb1 53. Ra7 Bc2 54. Bf4 Kg6 55. Ke5 Bb3 56. Kd6 Kf5 57. Re7 Rg6+ 58. Kc5 Kg4 59. Kb4 Rb6+ 60. Kc5 Rg6 61. Be5 Bc2 62. Rxg7 a3 63. Ra7 Re6 64. Kd4 Bd1 65. Rxa3 Kf5 66. Ra5 Bg4 67. Bf4+ Kg6 68. Kd5 Re2 69. Ra6+ Kf5 70. Bg5 Re5+ 71. Kd4 Re4+ 72. Kc3 Re6 73. Ra4 Re4 74. Ra8 Re6 75. Rd8 Ke4 76. Rd4+ Kf3 77. Bf4 Re4 78. Rd2 Re2 79. Rxe2 Kxe2 80. Kd4 1/2-1/2

[Event "Las Vegas National op (Women)"]
[Site "Las Vegas"]
[Date "2019.06.12"]
[Round "5"]
[White "Liu, Joanna"]
[Black "Salah, Nadezhda"]
[Result "1/2-1/2"]
[WhiteElo "1954"]
[BlackElo "2064"]
[PlyCount "114"]
[EventDate "2019.06.11"]
[EventType "swiss"]
[EventRounds "9"]
[EventCountry "USA"]
[SourceTitle "EXT 2020"]
[Source "ChessBase"]
[SourceDate "2019.10.17"]
[SourceVersion "1"]
[SourceVersionDate "2019.10.17"]
[SourceQuality "1"]

1. d4 g6 2. c4 Bg7 3. Nc3 d6 4. e4 e5 5. d5 a5 6. Be3 Na6 7. Bd3 Bd7 8. f3 f5 9. exf5 gxf5 10. Qd2 Bh6 11. 0-0-0 Bxe3 12. Qxe3 Nc5 13. Nge2 Qf6 14. Nd4 0-0-0 15. Nb3 b6 16. Nxc5 bxc5 17. Bc2 Ne7 18. Ba4 Rhg8 19. Rd2 h5 20. Nb5 Bxb5 21. Bxb5 c6 22. dxc6 Kc7 23. Rhd1 Qg5 24. Qa3 Ra8 25. Kb1 Rgd8 26. Qb3 Rab8 27. Qa4 Ra8 28. Qc2 Qf4 29. h3 h4 30. Ka1 Qg5 31. Rd3 Qg6 32. Ra3 Ra7 33. Qd2 Rda8 34. Qf2 Qg3 35. Qd2 Qg6 36. Rd3 Rd8 37. Qc2 f4 38. Qd2 Nf5 39. Ra3 Rda8 40. Ba4 Nd4 41. Rd3 Rb8 42. Bc2 Qe6 43. Rxd4 cxd4 44. Qe2 Kxc6 45. Be4+ Kc7 46. Bd5 Qg6 47. Be4 Qf7 48. Bd5 Qe7 49. Rxd4 Kd8 50. Rd1 Qc7 51. Qf2 Qb6 52. Qxh4+ Re7 53. Rb1 Qd4 54. Qe1 Ra7 55. Qh4+ Re7 56. Qe1 Ra7 57. Qh4+ Re7 1/2-1/2

[Event "Wch U20 Girls 36th"]
[Site "Manavgat"]
[Date "2018.09.12"]
[Round "8"]
[White "Pychova, Nela"]
[Black "Salah, Nadezhda"]
[Result "1/2-1/2"]
[WhiteElo "2173"]
[BlackElo "1918"]
[PlyCount "51"]
[EventDate "2018.09.05"]
[EventType "swiss"]
[EventRounds "11"]
[EventCountry "TUR"]
[SourceTitle "CBM 186 Extra"]
[Source "ChessBase"]
[SourceDate "2018.08.24"]
[SourceVersion "1"]
[SourceVersionDate "2018.08.24"]
[SourceQuality "1"]

1. c4 Nf6 2. Nc3 g6 3. Nf3 Bg7 4. g3 0-0 5. Bg2 d6 6. 0-0 Nc6 7. d3 Nh5 8. Bd2 f5 9. Qc1 e5 10. Rb1 a5 11. a3 f4 12. b4 axb4 13. axb4 Bg4 14. Re1 Qd7 15. Nd5 fxg3 16. hxg3 Bxf3 17. Bxf3 Rxf3 18. exf3 Qh3 19. Re3 Nxg3 20. fxg3 Qxg3+ 21. Kh1 Qh3+ 22. Kg1 Qg3+ 23. Kh1 Qh3+ 24. Kg1 Qg3+ 25. Kh1 Qh3+ 26. Kg1 1/2-1/2

[Event "UKR-ch U20 Girls"]
[Site "Mykolaiv"]
[Date "2018.02.26"]
[Round "6"]
[White "Tribushna, Hanna"]
[Black "Salah, Nadezhda"]
[Result "0-1"]
[WhiteElo "1778"]
[BlackElo "2071"]
[PlyCount "74"]
[EventDate "2018.02.21"]
[EventType "swiss"]
[EventRounds "9"]
[EventCountry "UKR"]
[SourceTitle "CBM 183 Extra"]
[Source "ChessBase"]
[SourceDate "2018.04.19"]
[SourceVersion "1"]
[SourceVersionDate "2018.04.19"]
[SourceQuality "1"]

1. e4 e6 2. d3 d5 3. Nd2 c5 4. g3 Nc6 5. Bg2 Nf6 6. c3 g6 7. f4 Bg7 8. e5 Ng8 9. Ne2 g5 10. 0-0 gxf4 11. gxf4 Bd7 12. d4 cxd4 13. cxd4 Nge7 14. Nf3 Qb6 15. Ng3 h5 16. h4 0-0-0 17. b3 Rdg8 18. Kh2 Bf8 19. Be3 Ng6 20. Kh3 Be7 21. Qd3 Nxh4 22. Nxh4 Bxh4 23. Kxh4 Rg4+ 24. Kh3 Qd8 25. Nf5 exf5 26. Bf2 Ne7 27. Bf3 Ng6 28. Qc2+ Kb8 29. Bxg4 hxg4+ 30. Kg2 Nxf4+ 31. Kg1 Bb5 32. Qxf5 Ne2+ 33. Kg2 Rh2+ 34. Kxh2 Qh8+ 35. Bh4 Qxh4+ 36. Kg2 Qh3+ 37. Kf2 Qg3# 0-1

[Event "UKR-ch U20 Girls"]
[Site "Mykolaiv"]
[Date "2018.02.25"]
[Round "5"]
[White "Salah, Nadezhda"]
[Black "Kolosan, Ulyana"]
[Result "1-0"]
[WhiteElo "2071"]
[BlackElo "1765"]
[PlyCount "116"]
[EventDate "2018.02.21"]
[EventType "swiss"]
[EventRounds "9"]
[EventCountry "UKR"]
[SourceTitle "CBM 183 Extra"]
[Source "ChessBase"]
[SourceDate "2018.04.19"]
[SourceVersion "1"]
[SourceVersionDate "2018.04.19"]
[SourceQuality "1"]

1. d4 f5 2. Nc3 Nf6 3. Bg5 e6 4. e4 fxe4 5. Nxe4 Be7 6. Bxf6 Bxf6 7. Nf3 d5 8. Nxf6+ Qxf6 9. Bd3 Nd7 10. c3 Qe7 11. Qc2 Nf8 12. Ne5 g6 13. f4 Bd7 14. 0-0-0 0-0-0 15. Kb1 Be8 16. Rhe1 Nd7 17. Nf3 Qf6 18. g3 Kb8 19. Re3 h6 20. h4 Rg8 21. Rde1 Bf7 22. Bb5 c6 23. Bf1 Rde8 24. Qb3 Rc8 25. a4 Ka8 26. a5 a6 27. Qb4 Rge8 28. Bh3 Rcd8 29. Rf1 Qe7 30. Qxe7 Rxe7 31. Ne5 Nxe5 32. fxe5 Rg8 33. Rf6 Rg7 34. Ka2 Ka7 35. Ka3 b5 36. axb6+ Kxb6 37. Re1 h5 38. Kb4 a5+ 39. Ka4 Rh7 40. Ra1 Rh8 41. Ra3 Ra8 42. Rb3+ Kc7 43. Ka3 Rg8 44. Bf1 Be8 45. Ba6 g5 46. Ka4 gxh4 47. gxh4 Rg4 48. Kxa5 Rxh4 49. Rb7+ Kd8 50. Rb8+ Kc7 51. Rc8+ Kd7 52. Kb6 Rh2 53. b4 Rf7 54. Rc7+ Kd8 55. Rfxf7 Bxf7 56. Rxf7 h4 57. Kxc6 h3 58. Kd6 Ke8 1-0

[Event "UKR-ch U20 Girls"]
[Site "Mykolaiv"]
[Date "2018.02.23"]
[Round "3"]
[White "Salah, Nadezhda"]
[Black "Tsikanovskaya, Veronika"]
[Result "1-0"]
[WhiteElo "2071"]
[BlackElo "1921"]
[PlyCount "47"]
[EventDate "2018.02.21"]
[EventType "swiss"]
[EventRounds "9"]
[EventCountry "UKR"]
[SourceTitle "CBM 183 Extra"]
[Source "ChessBase"]
[SourceDate "2018.04.19"]
[SourceVersion "1"]
[SourceVersionDate "2018.04.19"]
[SourceQuality "1"]

1. e4 d6 2. d4 Nf6 3. Nc3 g6 4. f4 c6 5. Nf3 Bg7 6. Bd3 Qc7 7. 0-0 0-0 8. Qe1 Nbd7 9. e5 dxe5 10. fxe5 Nd5 11. Nxd5 cxd5 12. e6 Nf6 13. exf7+ Rxf7 14. Qh4 Ne4 15. Be3 h5 16. Ng5 Bf6 17. Bxe4 dxe4 18. Qxe4 Bxg5 19. Qxg6+ Rg7 20. Qe8+ Kh7 21. Qxh5+ Bh6 22. Bxh6 Bg4 23. Qh4 Rg6 24. Bf4+ 1-0